| 000 | 00689cab a2200193 4500 | ||
|---|---|---|---|
| 001 | ABS45693 | ||
| 008 | 090401t1992 xxu||||| |||| 00| 0 eng d | ||
| 035 | _a(Sirsi) u54558 | ||
| 041 | _aeng | ||
| 110 |
_aAnthony Williams and Partners _93 |
||
| 245 | _aSt Joseph`s Convent residential home, Olney | ||
| 260 | _c1992 | ||
| 350 | _a0 | ||
| 490 |
_aBuilding _v157(7729) 24 January 1992, 43-50(8) |
||
| 520 | _aTechnical information on a new residential home for the elderly; architect`s report, schedule of accommodation, project data, cost analysis and comment, specification and contract notes. | ||
| 690 | _aBUILDING AND CONSTRUCTION-PROJECTS | ||
| 942 | _n0 | ||
| 948 | _c04/03/1997 | ||
| 999 |
_c33442 _d33442 |
||